Rappeurs par lettre - Q-U-W-X - Statistiques

Statistiques générales
  • Ce quiz a été pris 117 fois
  • Le résultat moyen est 2 sur 7
Statistiques - réponses
Première lettre Albums notable Réponse % Correct
U Coeur abîmé, Meilleur qu'hier Uzi
61%
W La League, Selfie (Singles) Werenoi
58%
W Outsiders, Wotjtape Wojtek
48%
W La vie en grand, Foetus Walid
23%
U Porte dorée, SEXTASY Usky
20%
Q Bipolaire Q.E Favelas
17%
W Congé récession, Les notes de frais Wacko
7%
Aucun quiz correspondant
Distribution des résultats
% des personnes avec chaque résultat
Percentile par nombre de réponses
Votre historique - résultats
Vous n’avez pas pris ce quiz